000 01210nam a22002777a 4500
001 TZ 0002
003 gtcocun
005 20250924191735.0
006 a||||gr|||| 00| 0
007 ta
008 250924b1994 gt ||||| m||| 00| 0 eng d
040 _agtcocun
_bSPA
_cgtcocun
_eRDA
041 _aSPA TZ 0002
084 _0TZ 0002
100 _aVaides Arrué, Selvin Jacinto
_eAutor
245 _aCARACTERISTICAS GENERALES EN EL COMPORTAMIENTO DEL VENADO COLA BLANCA (ODECOILEUS VIRGINIANUS) EN UN ÁREA DE SEMICAUTIVERIO EN COBÁN, ALTA VERAPAZ.
_cSelvin Jacinto Vaides Arrué.
_hImpreso
264 _aCobán, Alta Verapaz:
_bUniversidad de San Carlos de Guatemala, Centro Universitario del Norte,
300 _a59 p.:
_bIlustraciones, gráficas.
_c28 cm;
502 _eTZ 0002
502 _aTesis de grado
_bZootecnia,
_cUniversidad de San Carlos de Guatemala, Centro Universitario del Norte, Zootecnia
_d1994
_oTZ 0002
650 1 4 _2LEMB
_aCobán, Alta Verapaz.
_xZootecnia
_xCinegéticos
_xReproductivo
_xPrecipitación
_xForrajeras
700 _eAsesor
856 _uSin archivo en línea.
_zSin archivo en línea.
942 _2ddc
_cTES
_iTZ 0002
_kClasificación
_n0
_6TZ_0002_000000000000000
999 _c2132
_d2132